| 000 | 01019nam a22003015i 4500 | ||
|---|---|---|---|
| 999 |
_c28792 _d28763 |
||
| 001 | 2712229 | ||
| 003 | EG-ScBUE | ||
| 005 | 20200922151020.0 | ||
| 008 | 760813s1976 enk b 001 0 eng | ||
| 020 | _a0049421417 | ||
| 040 |
_aDLC _beng _erda _cDLC _dDLC _dEG-ScBUE |
||
| 043 | _ae-uk--- | ||
| 082 | 0 | 4 |
_a330.941083 _bGLY _222 |
| 100 | 1 |
_aGlynn, Sean, _eauthor. _940366 |
|
| 245 | 1 | 0 |
_aInterwar Britain : _ba social and economic history / _cSean Glynn and John Oxborrow. |
| 250 | _aFirst edition. | ||
| 264 | 1 |
_aLondon : _bGeorge Allen & Unwin Ltd., _c1976. |
|
| 300 |
_a276 pages : _bgraphs ; _c22 cm |
||
| 336 |
_atext _btxt _2rdacontent |
||
| 337 |
_aunmediated _bn _2rdamedia |
||
| 338 |
_avolume _bnc _2rdacarrier |
||
| 504 | _aIncludes bibliographical references and index. | ||
| 651 | 7 |
_aGreat Britain _xEconomic conditions _y1918-1945. _2BUEsh |
|
| 651 | 7 |
_aGreat Britain _xSocial conditions _y20th century. _2BUEsh |
|
| 653 |
_bBUSECO _cSeptember2020 |
||
| 700 | 1 |
_aOxborrow, John, _eauthor. |
|
| 942 |
_2ddc _cBB |
||